| 000 | 01210nab a2200325 a 4500 | ||
|---|---|---|---|
| 001 | 21876 | ||
| 003 | VRT | ||
| 005 | 20260313141615.0 | ||
| 008 | 120925c1991 xo 0 slo c | ||
| 015 | _aSNBRB19rr/mm-uuuuu | ||
| 035 | _aCL0431014 | ||
| 039 | 9 |
_a201901221336 _bAUTHORITY _c201901221118 _dcsnkv15 _c201209252056 _dVLOAD |
|
| 040 |
_aSNKBUCL _bslo _cSNKBUCL _eAACR2 |
||
| 044 |
_axo _cSK |
||
| 080 | _a796.966.093.1(437) | ||
| 245 | 1 |
_aPamodaj šťastia, hokej! _bI. hokejová liga - 1. kolo ; František Rychetský, Milan Oulehla, Miloslav Vlašic, Vojtech Jurkovič, Jaroslav Kirchner, Jiří Zdvořáček, Jaroslav Jelínek |
|
| 650 | 0 | 7 |
_aľadový hokej _2snkbucl |
| 655 | 7 |
_ačlánky z novín a časopisov _2snkbucl |
|
| 700 | 1 |
_aRychetský, František _4aut |
|
| 700 | 1 |
_aOulehla, Milan _4aut |
|
| 700 | 1 |
_aVlašic, Miloslav _4aut |
|
| 700 | 1 |
_aJurkovič, Vojtech _4aut |
|
| 700 | 1 |
_aKirchner, Jaroslav _4aut |
|
| 700 | 1 |
_aZdvořáček, Jiří _4aut |
|
| 700 | 1 |
_aJelínek, Jaroslav _c(športový redaktor) _4aut |
|
| 773 | 0 |
_tŠport _gRoč. 45, č. 225 (25. 9. 1991), s. 6 |
|
| 942 |
_2ddc _cKLDE _n0 |
||
| 999 |
_c21876 _d21876 |
||